Statistics for Top Bottled Water Consuming Countries

Click here to take the quiz!

General Stats

  • This quiz has been taken 111 times
  • The average score is 8 of 10

Answer Stats

Billion GallonsCountry% Correct
10.13United States
100%
10.42China
97%
1.04India
93%
4.80Brazil
90%
2.41France
88%
8.23Mexico
86%
3.11Germany
82%
3.17Italy
75%
4.82Indonesia
71%
3.99Thailand
51%

Score Distribution

Percentile by Number Answered

Percent of People with Each Score

Your Score History

You have not taken this quiz